000 00428nam a22001697a 4500
003 OSt
005 20140310182032.0
008 130814t xxu||||| |||| 00| 0 eng d
050 _aBF 1031
_b.H939 1964
082 _aHS
_b133 H91 1964
100 _aHunt, Douglas
_910360
245 _aExploring the occult /
_cDouglas Hunt.
300 _a219 p. :
_c18 cm.
650 _aOccultism
_97252
942 _2lcc
_cHS
999 _c8598
_d8598